000 00634nam a2200241Ia 4500
003 OSt
005 20220926024413.0
006 a|||||r|||| 00| 0
007 ta
008 220923b |||||||| |||| 00| 0 eng d
020 _a0631140239
037 _cGeneral Book
040 _aRTL
_cRTL
_beng
041 _2eng
_aeng
082 _aU47, M6
100 _aJohnston R J
_995444
245 0 _aOn human geography
260 _aOxford
_bBasil Blackwell
_c1986
300 _a198p. Bib p. 182-93
_ccm.
650 _aHuman Geography
_91464
942 _hU47, M6
_cGB
_2CC
999 _c644102
_d644102